<?xml version="1.0" encoding="UTF-8"?>
<collection xmlns="http://www.loc.gov/MARC21/slim">
 <record>
  <leader>00521nam a22001455a 4500</leader>
  <controlfield tag="001">EEA.libagro011568</controlfield>
  <controlfield tag="008">241125s2010####ag############000#0#und#d</controlfield>
  <controlfield tag="005">20241125121612.0</controlfield>
  <datafield tag="245" ind1="1" ind2="0">
   <subfield code="a">El género de los géneros :</subfield>
   <subfield code="b">una guía para formar y coordinar nombres científicos en zoología /</subfield>
   <subfield code="c">Néstor J. Cazzaniga.</subfield>
  </datafield>
  <datafield tag="260" ind1=" " ind2=" ">
   <subfield code="a">Bahía Blanca :</subfield>
   <subfield code="b">EdiUNS,</subfield>
   <subfield code="c">2010.</subfield>
  </datafield>
  <datafield tag="300" ind1=" " ind2=" ">
   <subfield code="a">433 p. ;</subfield>
   <subfield code="c">21 cm.</subfield>
  </datafield>
  <datafield tag="020" ind1=" " ind2=" ">
   <subfield code="a">978-987-1620-26-5</subfield>
  </datafield>
  <datafield tag="100" ind1="1" ind2=" ">
   <subfield code="a">Cazzaniga, Néstor J.</subfield>
  </datafield>
  <datafield tag="082" ind1="0" ind2="4">
   <subfield code="a">591.012</subfield>
  </datafield>
  <datafield tag="859" ind1=" " ind2=" ">
   <subfield code="a">AR-BbBCA</subfield>
   <subfield code="b">BIB. AGRONOMIA</subfield>
   <subfield code="h">591.012</subfield>
   <subfield code="i">C386</subfield>
   <subfield code="p">2024/7394</subfield>
  </datafield>
 </record>
</collection>
